[Event "English Schools Championship Final 2024"]
[Site "Nottingham University Kings Meadow Campus, United Kingdom"]
[Date "2024.06.27"]
[Round "2.9"]
[White "Lam, Isaac"]
[Black "Patel, Zain"]
[Result "1/2-1/2"]
[TimeControl "G50' + 10\" per move."]
[WhiteFideId "343413110"]
[BlackFideId "469246"]
[WhiteElo "1563"]
[BlackElo "2050"]

1. e4 {[%clk 00:50:18]} {[%emt 00:00:01]} c6 {[%clk 00:50:01]} {[%emt
00:00:19]} 2. Nf3 {[%clk 00:50:24]} {[%emt 00:00:05]} d5 {[%clk 00:50:03]}
{[%emt 00:00:07]} 3. d3 {[%clk 00:50:32]} {[%emt 00:00:03]} dxe4 {[%clk
00:49:58]} {[%emt 00:00:15]} 4. dxe4 {[%clk 00:50:41]} {[%emt 00:00:02]} Qxd1+
{[%clk 00:49:02]} {[%emt 00:01:05]} 5. Kxd1 {[%clk 00:50:48]} {[%emt 00:00:02]}
Nf6 {[%clk 00:48:53]} {[%emt 00:00:19]} 6. Nbd2 {[%clk 00:50:54]} {[%emt
00:00:05]} Nbd7 {[%clk 00:47:52]} {[%emt 00:01:10]} 7. Ne1 {[%clk 00:49:15]}
{[%emt 00:01:51]} e5 {[%clk 00:45:26]} {[%emt 00:02:34]} 8. f3 {[%clk
00:49:00]} {[%emt 00:00:26]} Bd6 {[%clk 00:44:46]} {[%emt 00:00:49]} 9. Nd3
{[%clk 00:48:58]} {[%emt 00:00:12]} O-O {[%clk 00:44:31]} {[%emt 00:00:25]} 10.
c3 {[%clk 00:48:39]} {[%emt 00:00:30]} Re8 {[%clk 00:41:53]} {[%emt 00:02:47]}
11. a4 {[%clk 00:47:47]} {[%emt 00:01:03]} a5 {[%clk 00:40:16]} {[%emt
00:01:47]} 12. Nc4 {[%clk 00:47:27]} {[%emt 00:00:30]} Bc7 {[%clk 00:40:03]}
{[%emt 00:00:22]} 13. Be3 {[%clk 00:46:37]} {[%emt 00:01:00]} b5 {[%clk
00:38:56]} {[%emt 00:01:17]} 14. Nd2 {[%clk 00:46:15]} {[%emt 00:00:32]} Bb6
{[%clk 00:38:14]} {[%emt 00:00:52]} 15. Bxb6 {[%clk 00:46:03]} {[%emt
00:00:22]} Nxb6 {[%clk 00:38:19]} {[%emt 00:00:06]} 16. Nc5 {[%clk 00:45:16]}
{[%emt 00:00:56]} Nfd7 {[%clk 00:37:25]} {[%emt 00:01:04]} 17. Ndb3 {[%clk
00:43:18]} {[%emt 00:02:08]} bxa4 {[%clk 00:31:42]} {[%emt 00:05:53]} 18. Nxa4
{[%clk 00:42:36]} {[%emt 00:00:52]} Nxa4 {[%clk 00:31:01]} {[%emt 00:00:51]} 19.
Rxa4 {[%clk 00:42:45]} Nb6 {[%clk 00:30:13]} {[%emt 00:00:58]} 20. Rxa5 {[%clk
00:42:41]} {[%emt 00:00:14]} Be6 {[%clk 00:30:04]} {[%emt 00:00:19]} 21. c4
{[%clk 00:41:57]} {[%emt 00:00:54]} Nxc4 {[%emt 00:01:20]} 22. Rxa8 {[%clk
00:41:17]} {[%emt 00:00:50]} Rxa8 {[%clk 00:29:01]} {[%emt 00:00:04]} 23. Bxc4
{[%clk 00:41:05]} {[%emt 00:00:21]} Bxc4 {[%clk 00:29:07]} {[%emt 00:00:04]} 24.
Kc2 {[%clk 00:40:53]} {[%emt 00:00:20]} Rd8 {[%clk 00:27:58]} {[%emt 00:01:22]}
25. Nc5 {[%clk 00:39:16]} {[%emt 00:01:46]} Kf8 {[%clk 00:26:22]} {[%emt
00:01:45]} 26. b3 {[%clk 00:38:01]} {[%emt 00:01:27]} Bb5 {[%clk 00:26:11]}
{[%emt 00:00:19]} 27. Nb7 {[%clk 00:36:54]} {[%emt 00:01:12]} Rd4 {[%clk
00:24:43]} {[%emt 00:01:44]} 28. Na5 {[%clk 00:35:59]} {[%emt 00:01:05]} Ke7
{[%clk 00:24:23]} {[%emt 00:00:30]} 29. Kc3 {[%clk 00:35:16]} {[%emt 00:00:44]}
Rd3+ {[%clk 00:24:09]} {[%emt 00:00:33]} 30. Kc2 {[%clk 00:34:33]} {[%emt
00:00:51]} Re3 {[%clk 00:22:59]} {[%emt 00:01:22]} 31. Rd1 {[%clk 00:33:09]}
{[%emt 00:01:23]} Re2+ {[%clk 00:22:41]} {[%emt 00:00:39]} 32. Rd2 {[%clk
00:33:16]} {[%emt 00:00:03]} Rxd2+ {[%clk 00:22:18]} {[%emt 00:00:33]} 33. Kxd2
{[%clk 00:33:21]} {[%emt 00:00:05]} Kd6 {[%clk 00:20:31]} {[%emt 00:01:57]} 34.
Nc4+ {[%clk 00:31:35]} {[%emt 00:01:57]} Ke6 {[%clk 00:18:39]} {[%emt
00:02:01]} 35. Kc3 {[%clk 00:31:14]} {[%emt 00:00:30]} c5 {[%clk 00:18:44]}
{[%emt 00:00:07]} 36. b4 {[%clk 00:30:57]} {[%emt 00:00:27]} cxb4+ {[%clk
00:18:49]} {[%emt 00:00:04]} 37. Kxb4 {[%clk 00:31:02]} {[%emt 00:00:04]} Ba6
{[%clk 00:16:59]} {[%emt 00:02:01]} 38. Ne3 {[%clk 00:30:15]} {[%emt 00:00:54]}
g6 {[%clk 00:16:45]} {[%emt 00:00:27]} 39. Kc3 {[%clk 00:29:42]} {[%emt
00:00:41]} f5 {[%clk 00:16:41]} {[%emt 00:00:16]} 40. Kd2 {[%clk 00:26:42]}
{[%emt 00:03:10]} f4 {[%clk 00:16:06]} {[%emt 00:00:45]} 41. Nc2 {[%clk
00:26:11]} {[%emt 00:00:37]} h5 {[%clk 00:15:09]} {[%emt 00:01:12]} 42. Ke1
{[%clk 00:24:18]} {[%emt 00:02:02]} Bd3 {[%emt 00:01:45]} 43. Nb4 {[%clk
00:24:21]} Bc4 {[%clk 00:13:16]} {[%emt 00:00:35]} 44. Kf2 {[%clk 00:23:11]}
{[%emt 00:01:20]} Kd6 {[%clk 00:11:23]} {[%emt 00:02:03]} 45. h4 {[%clk
00:21:25]} {[%emt 00:01:56]} Kc5 {[%clk 00:10:53]} {[%emt 00:00:40]} 46. Nc2
{[%clk 00:21:32]} {[%emt 00:00:04]} Bb3 {[%clk 00:10:45]} {[%emt 00:00:17]} 47.
Ne1 {[%clk 00:21:21]} {[%emt 00:00:21]} Kd4 {[%clk 00:09:10]} {[%emt 00:01:46]}
48. g3 {[%clk 00:20:51]} {[%emt 00:00:40]} fxg3+ {[%clk 00:07:14]} {[%emt
00:02:05]} 49. Kxg3 {[%clk 00:20:43]} {[%emt 00:00:17]} Ba4 {[%clk 00:06:36]}
{[%emt 00:00:50]} 50. Ng2 {[%clk 00:19:58]} {[%emt 00:00:54]} Bc6 {[%clk
00:05:51]} {[%emt 00:00:55]} 51. Kf2 {[%clk 00:18:55]} {[%emt 00:01:11]} Bb7
{[%clk 00:04:16]} {[%emt 00:01:47]} 52. Ke2 {[%clk 00:17:47]} {[%emt 00:01:15]}
Bxe4 {[%emt 00:00:50]} 53. fxe4 {[%clk 00:17:52]} {[%emt 00:00:03]} Kxe4 {[%clk
00:03:47]} {[%emt 00:00:04]} 54. Kf2 {[%clk 00:17:28]} {[%emt 00:00:34]} g5
{[%clk 00:03:18]} {[%emt 00:00:39]} 55. hxg5 {[%clk 00:17:25]} {[%emt
00:00:13]} Kf5 {[%clk 00:03:22]} {[%emt 00:00:07]} 56. Nh4+ {[%clk 00:16:49]}
{[%emt 00:00:45]} Kxg5 {[%clk 00:03:26]} {[%emt 00:00:06]} 57. Nf3+ {[%clk
00:16:57]} {[%emt 00:00:02]} Kf4 {[%clk 00:03:21]} {[%emt 00:00:15]} 58. Nxe5
{[%clk 00:17:00]} {[%emt 00:00:07]} Kxe5 {[%emt 00:00:16]} 1/2-1/2

[Event "English Schools Championship Final 2024"]
[Site "Nottingham University Kings Meadow Campus, United Kingdom"]
[Date "2024.06.27"]
[Round "2.10"]
[White "Cordova Lopez, Diego Anton"]
[Black "Linton, Anixton"]
[Result "1-0"]
[TimeControl "G50' + 10\" per move."]
[WhiteFideId "459313"]
[BlackFideId "343105250"]
[WhiteElo "2018"]
[BlackElo "1608"]

1. e4 {[%clk 00:50:18]} {[%emt 00:00:02]} e6 {[%clk 00:50:16]} {[%emt
00:00:05]} 2. d4 {[%clk 00:50:24]} {[%emt 00:00:06]} d5 {[%clk 00:50:21]}
{[%emt 00:00:03]} 3. Bd3 {[%clk 00:50:31]} {[%emt 00:00:03]} dxe4 {[%clk
00:50:11]} {[%emt 00:00:20]} 4. Bxe4 {[%clk 00:50:37]} {[%emt 00:00:04]} Nf6
{[%clk 00:50:15]} {[%emt 00:00:07]} 5. Bf3 {[%clk 00:50:42]} {[%emt 00:00:04]}
c6 {[%clk 00:49:54]} {[%emt 00:00:31]} 6. Ne2 {[%clk 00:50:22]} {[%emt
00:00:30]} Bd6 {[%clk 00:49:41]} {[%emt 00:00:22]} 7. c4 {[%clk 00:49:35]}
{[%emt 00:00:58]} Nbd7 {[%clk 00:48:53]} {[%emt 00:00:58]} 8. O-O {[%clk
00:46:51]} {[%emt 00:02:54]} O-O {[%clk 00:48:19]} {[%emt 00:00:44]} 9. Nbc3
{[%clk 00:45:20]} {[%emt 00:01:41]} e5 {[%clk 00:47:44]} {[%emt 00:00:45]} 10.
d5 {[%clk 00:40:31]} {[%emt 00:04:58]} cxd5 {[%clk 00:45:31]} {[%emt 00:02:23]}
11. Bxd5 {[%clk 00:39:42]} {[%emt 00:00:59]} Nb6 {[%clk 00:43:10]} {[%emt
00:02:31]} 12. Bg5 {[%clk 00:38:52]} {[%emt 00:01:01]} Nbxd5 {[%clk 00:39:33]}
{[%emt 00:03:47]} 13. Nxd5 {[%clk 00:38:46]} {[%emt 00:00:16]} Be7 {[%clk
00:39:32]} {[%emt 00:00:12]} 14. Nxe7+ {[%clk 00:36:58]} {[%emt 00:01:58]} Qxe7
{[%clk 00:39:36]} {[%emt 00:00:05]} 15. Nc3 {[%clk 00:36:56]} {[%emt 00:00:12]}
h6 {[%clk 00:39:26]} {[%emt 00:00:20]} 16. Nd5 {[%clk 00:36:10]} {[%emt
00:00:56]} Qe6 {[%clk 00:39:25]} {[%emt 00:00:12]} 17. Bxf6 {[%clk 00:35:16]}
{[%emt 00:01:04]} gxf6 {[%clk 00:38:57]} {[%emt 00:00:37]} 18. Nc7 {[%clk
00:35:19]} {[%emt 00:00:07]} Qc6 {[%clk 00:38:28]} {[%emt 00:00:39]} 19. Nxa8
{[%clk 00:35:17]} {[%emt 00:00:12]} Be6 {[%clk 00:38:33]} {[%emt 00:00:04]} 20.
b3 {[%clk 00:34:43]} {[%emt 00:00:45]} Rxa8 {[%clk 00:38:31]} {[%emt 00:00:12]}
21. Qd2 {[%clk 00:34:04]} {[%emt 00:00:49]} Kh7 {[%clk 00:38:18]} {[%emt
00:00:23]} 22. f4 {[%clk 00:32:33]} {[%emt 00:01:40]} Rg8 {[%clk 00:35:31]}
{[%emt 00:02:58]} 23. f5 {[%clk 00:28:08]} {[%emt 00:04:35]} Bd7 {[%clk
00:35:31]} {[%emt 00:00:10]} 24. Rad1 {[%clk 00:27:43]} {[%emt 00:00:34]} Qc5+
{[%clk 00:34:57]} {[%emt 00:00:44]} 25. Qf2 {[%clk 00:26:11]} {[%emt 00:01:43]}
Qc6 {[%clk 00:32:26]} {[%emt 00:02:41]} 26. Rd3 {[%clk 00:23:38]} {[%emt
00:02:42]} Rg5 {[%clk 00:29:51]} {[%emt 00:02:46]} 27. Rf3 {[%clk 00:15:11]}
{[%emt 00:08:37]} a6 {[%clk 00:28:11]} {[%emt 00:01:50]} 28. Rd1 {[%clk
00:11:04]} {[%emt 00:04:17]} Qc8 {[%clk 00:27:55]} {[%emt 00:00:26]} 29. Rg3
{[%clk 00:08:21]} {[%emt 00:02:53]} Bxf5 {[%clk 00:26:02]} {[%emt 00:01:59]} 30.
Rxg5 {[%clk 00:08:20]} {[%emt 00:00:16]} fxg5 {[%clk 00:25:54]} {[%emt
00:00:17]} 31. Qb6 {[%clk 00:07:47]} {[%emt 00:00:43]} Be4 {[%clk 00:20:09]}
{[%emt 00:05:55]} 32. Qf6 {[%clk 00:05:42]} {[%emt 00:02:15]} Qf5 {[%clk
00:17:34]} {[%emt 00:02:45]} 33. Qxf5+ {[%clk 00:05:08]} {[%emt 00:00:44]} Bxf5
{[%clk 00:17:34]} {[%emt 00:00:09]} 34. Rd5 {[%clk 00:05:16]} {[%emt 00:00:02]}
f6 {[%clk 00:17:30]} {[%emt 00:00:15]} 35. Kf2 {[%clk 00:05:26]} Be4 {[%clk
00:16:50]} {[%emt 00:00:49]} 36. Rd6 {[%clk 00:04:34]} {[%emt 00:01:02]} Kg6
{[%clk 00:16:38]} {[%emt 00:00:21]} 37. g4 {[%clk 00:04:00]} {[%emt 00:00:45]}
Bc6 {[%clk 00:14:24]} {[%emt 00:02:24]} 38. a4 {[%clk 00:03:34]} {[%emt
00:00:36]} Kf7 {[%clk 00:12:41]} {[%emt 00:01:53]} 39. Rd8 {[%clk 00:02:11]}
{[%emt 00:01:33]} Be8 {[%clk 00:11:45]} {[%emt 00:01:05]} 40. Rb8 {[%clk
00:02:08]} {[%emt 00:00:13]} Bc6 {[%clk 00:11:48]} {[%emt 00:00:08]} 41. Rd8
{[%clk 00:02:00]} {[%emt 00:00:18]} Be8 {[%clk 00:11:47]} {[%emt 00:00:10]} 42.
a5 {[%clk 00:02:09]} {[%emt 00:00:01]} Bc6 {[%clk 00:10:39]} {[%emt 00:01:19]}
43. b4 {[%clk 00:02:12]} {[%emt 00:00:07]} e4 {[%clk 00:09:45]} {[%emt
00:01:04]} 44. Rh8 {[%clk 00:01:47]} {[%emt 00:00:33]} Kg7 {[%clk 00:09:28]}
{[%emt 00:00:28]} 45. Rc8 {[%clk 00:01:55]} {[%emt 00:00:02]} Kf7 {[%clk
00:08:04]} {[%emt 00:01:35]} 46. Rxc6 {[%clk 00:01:24]} {[%emt 00:00:41]} bxc6
{[%clk 00:07:22]} {[%emt 00:00:51]} 47. b5 {[%clk 00:01:33]} 1-0

[Event "English Schools Championship Final 2024"]
[Site "Nottingham University Kings Meadow Campus, United Kingdom"]
[Date "2024.06.27"]
[Round "2.11"]
[White "Subin, Samvrit"]
[Black "Kumar, Sanjit S"]
[Result "0-1"]
[TimeControl "G50' + 10\" per move."]
[WhiteFideId "343113726"]
[BlackFideId "468142"]
[WhiteElo "1808"]
[BlackElo "1989"]

1. e4 {[%clk 00:50:14]} {[%emt 00:00:05]} e6 {[%clk 00:50:16]} {[%emt
00:00:07]} 2. Nf3 {[%clk 00:50:18]} {[%emt 00:00:04]} d5 {[%clk 00:50:22]}
{[%emt 00:00:04]} 3. Nc3 {[%clk 00:50:26]} {[%emt 00:00:02]} d4 {[%clk
00:50:25]} {[%emt 00:00:07]} 4. Ne2 {[%clk 00:50:33]} {[%emt 00:00:03]} c5
{[%clk 00:49:26]} {[%emt 00:01:09]} 5. c3 {[%clk 00:49:41]} {[%emt 00:01:02]}
dxc3 {[%clk 00:47:17]} {[%emt 00:02:18]} 6. bxc3 {[%clk 00:49:16]} {[%emt
00:00:36]} Nc6 {[%clk 00:46:55]} {[%emt 00:00:31]} 7. Ng3 {[%clk 00:48:27]}
{[%emt 00:01:00]} Nf6 {[%clk 00:45:36]} {[%emt 00:01:29]} 8. Be2 {[%clk
00:46:49]} {[%emt 00:01:47]} g6 {[%clk 00:44:17]} {[%emt 00:01:29]} 9. Ba3
{[%clk 00:40:44]} {[%emt 00:06:16]} Qa5 {[%clk 00:43:56]} {[%emt 00:00:30]} 10.
Qb3 {[%clk 00:40:25]} {[%emt 00:00:29]} c4 {[%clk 00:43:40]} {[%emt 00:00:26]}
11. Qxc4 {[%clk 00:35:07]} {[%emt 00:05:28]} Qxa3 {[%clk 00:42:59]} {[%emt
00:00:51]} 12. O-O {[%clk 00:34:30]} {[%emt 00:00:47]} Bg7 {[%clk 00:43:01]}
{[%emt 00:00:08]} 13. h4 {[%clk 00:32:52]} {[%emt 00:01:48]} h5 {[%clk
00:42:08]} {[%emt 00:01:03]} 14. d4 {[%clk 00:32:04]} {[%emt 00:00:58]} O-O
{[%clk 00:41:58]} {[%emt 00:00:20]} 15. Rab1 {[%clk 00:29:17]} {[%emt
00:02:57]} Qe7 {[%clk 00:40:17]} {[%emt 00:01:51]} 16. Bd1 {[%clk 00:28:47]}
{[%emt 00:00:40]} Nd7 {[%clk 00:39:52]} {[%emt 00:00:35]} 17. Bc2 {[%clk
00:28:15]} {[%emt 00:00:42]} Rd8 {[%emt 00:05:21]} 18. Qd3 {[%clk 00:23:46]}
{[%emt 00:00:40]} Nde5 {[%clk 00:38:12]} {[%emt 00:00:38]} 19. Qe2 {[%clk
00:23:02]} {[%emt 00:00:54]} Nxf3+ {[%clk 00:37:55]} {[%emt 00:00:26]} 20. Qxf3
{[%clk 00:22:57]} {[%emt 00:00:16]} Qxh4 {[%clk 00:37:52]} {[%emt 00:00:13]} 21.
Qe3 {[%clk 00:22:41]} {[%emt 00:00:26]} b6 {[%clk 00:36:44]} {[%emt 00:01:18]}
22. f4 {[%clk 00:21:54]} {[%emt 00:00:57]} Bb7 {[%clk 00:36:16]} {[%emt
00:00:38]} 23. Rbd1 {[%clk 00:20:47]} {[%emt 00:01:17]} Ba6 {[%clk 00:35:43]}
{[%emt 00:00:43]} 24. Rf3 {[%clk 00:19:56]} {[%emt 00:01:02]} Bh6 {[%clk
00:32:54]} {[%emt 00:02:58]} 25. Qf2 {[%clk 00:17:46]} {[%emt 00:02:20]} Bb7
{[%clk 00:25:43]} {[%emt 00:07:21]} 26. f5 {[%clk 00:15:22]} {[%emt 00:02:34]}
exf5 {[%clk 00:25:12]} {[%emt 00:00:41]} 27. exf5 {[%clk 00:11:57]} {[%emt
00:03:35]} Ne7 {[%clk 00:23:04]} {[%emt 00:02:18]} 28. fxg6 {[%clk 00:10:35]}
{[%emt 00:01:31]} Bxf3 {[%clk 00:22:41]} {[%emt 00:00:34]} 29. gxf7+ {[%clk
00:10:31]} {[%emt 00:00:14]} Kf8 {[%clk 00:22:03]} {[%emt 00:00:48]} 30. Qxf3
{[%clk 00:09:54]} {[%emt 00:00:47]} Qg4 {[%emt 00:05:46]} 31. Qf2 {[%clk
00:06:15]} {[%emt 00:00:14]} h4 {[%clk 00:19:48]} {[%emt 00:00:23]} 32. Qf6
{[%clk 00:03:13]} {[%emt 00:03:13]} Bg7 {[%clk 00:19:42]} {[%emt 00:00:16]} 0-1

[Event "English Schools Championship Final 2024"]
[Site "Nottingham University Kings Meadow Campus, United Kingdom"]
[Date "2024.06.27"]
[Round "2.12"]
[White "Stewart, Hari"]
[Black "Lucey, Cathal"]
[Result "1-0"]
[TimeControl "G50' + 10\" per move."]
[WhiteFideId "448583"]
[WhiteElo "1907"]
[BlackElo "1643"]

1. c4 {[%clk 00:50:18]} c5 {[%clk 00:50:06]} {[%emt 00:00:15]} 2. g3 {[%clk
00:50:25]} {[%emt 00:00:02]} g6 {[%clk 00:49:54]} {[%emt 00:00:23]} 3. Bg2
{[%clk 00:50:33]} {[%emt 00:00:02]} Bg7 {[%clk 00:49:42]} {[%emt 00:00:22]} 4.
Nc3 {[%clk 00:50:37]} {[%emt 00:00:05]} Nc6 {[%clk 00:48:36]} {[%emt 00:01:16]}
5. e3 {[%clk 00:49:32]} {[%emt 00:01:15]} e5 {[%clk 00:46:08]} {[%emt
00:02:38]} 6. Nge2 {[%clk 00:49:13]} {[%emt 00:00:29]} Nge7 {[%clk 00:45:50]}
{[%emt 00:00:28]} 7. O-O {[%clk 00:48:36]} {[%emt 00:00:47]} O-O {[%clk
00:43:11]} {[%emt 00:02:49]} 8. b3 {[%clk 00:47:31]} {[%emt 00:01:14]} d6
{[%clk 00:41:22]} {[%emt 00:02:00]} 9. Bb2 {[%clk 00:47:29]} {[%emt 00:00:12]}
Be6 {[%clk 00:40:06]} {[%emt 00:01:26]} 10. Ne4 {[%clk 00:36:55]} {[%emt
00:10:44]} Bf5 {[%clk 00:34:50]} {[%emt 00:05:27]} 11. d4 {[%clk 00:35:27]}
{[%emt 00:01:37]} Bxe4 {[%clk 00:33:28]} {[%emt 00:01:32]} 12. Bxe4 {[%clk
00:35:25]} {[%emt 00:00:13]} f5 {[%clk 00:31:18]} {[%emt 00:02:19]} 13. Bg2
{[%clk 00:35:34]} {[%emt 00:00:01]} cxd4 {[%clk 00:27:59]} {[%emt 00:03:30]} 14.
exd4 {[%clk 00:35:36]} {[%emt 00:00:07]} e4 {[%clk 00:27:57]} {[%emt 00:00:13]}
15. Qd2 {[%clk 00:34:55]} {[%emt 00:00:50]} Qb6 {[%clk 00:25:12]} {[%emt
00:02:55]} 16. Rad1 {[%clk 00:29:48]} {[%emt 00:05:18]} Rad8 {[%clk 00:23:28]}
{[%emt 00:01:53]} 17. Nf4 {[%clk 00:29:29]} {[%emt 00:00:28]} Bh6 {[%clk
00:15:00]} {[%emt 00:08:39]} 18. d5 {[%clk 00:28:05]} {[%emt 00:01:34]} Bxf4
{[%clk 00:14:57]} {[%emt 00:00:12]} 19. gxf4 {[%clk 00:27:18]} {[%emt
00:00:57]} Nb4 {[%clk 00:14:37]} {[%emt 00:00:31]} 20. Qc3 {[%clk 00:26:29]}
{[%emt 00:00:59]} Kf7 {[%clk 00:14:38]} {[%emt 00:00:08]} 21. Rfe1 {[%clk
00:24:01]} {[%emt 00:02:39]} Nd3 {[%clk 00:12:25]} {[%emt 00:02:23]} 22. Rxd3
{[%clk 00:23:57]} {[%emt 00:00:14]} Ke8 {[%clk 00:11:38]} {[%emt 00:00:57]} 23.
Rde3 {[%clk 00:23:05]} {[%emt 00:01:01]} Rf7 {[%clk 00:10:16]} {[%emt
00:01:33]} 24. b4 {[%clk 00:22:15]} {[%emt 00:01:00]} Rc8 {[%clk 00:09:25]}
{[%emt 00:01:00]} 25. Rd1 {[%clk 00:20:23]} {[%emt 00:02:04]} Ng8 {[%clk
00:07:08]} {[%emt 00:02:27]} 26. Ba3 {[%clk 00:15:37]} {[%emt 00:04:55]} Nf6
{[%clk 00:06:07]} {[%emt 00:01:11]} 27. c5 {[%clk 00:15:38]} {[%emt 00:00:09]}
Qb5 {[%clk 00:05:28]} {[%emt 00:00:49]} 28. f3 {[%clk 00:14:23]} {[%emt
00:01:26]} Kd7 {[%clk 00:04:55]} {[%emt 00:00:42]} 29. fxe4 {[%clk 00:14:16]}
{[%emt 00:00:17]} fxe4 {[%clk 00:04:07]} {[%emt 00:00:58]} 30. Qd4 {[%clk
00:12:44]} {[%emt 00:01:41]} Qa6 {[%clk 00:01:31]} {[%emt 00:02:46]} 31. Bh3+
{[%clk 00:12:25]} {[%emt 00:00:30]} 1-0

[Event "English Schools Championship Final 2024"]
[Site "Nottingham University Kings Meadow Campus, United Kingdom"]
[Date "2024.06.27"]
[Round "2.13"]
[White "Makkar, Rajat"]
[Black "Zhu, Pengxiao"]
[Result "1-0"]
[TimeControl "G50' + 10\" per move."]
[WhiteFideId "36016810"]
[BlackFideId "499307"]
[WhiteElo "2602"]
[BlackElo "2126"]

1. Nf3 {[%clk 00:49:09]} {[%emt 00:01:11]} d5 {[%clk 00:50:11]} {[%emt
00:00:09]} 2. b3 {[%clk 00:49:11]} {[%emt 00:00:08]} Bf5 {[%clk 00:49:24]}
{[%emt 00:00:57]} 3. Bb2 {[%clk 00:48:25]} {[%emt 00:00:56]} e6 {[%clk
00:49:16]} {[%emt 00:00:18]} 4. g3 {[%clk 00:48:27]} {[%emt 00:00:08]} Nf6
{[%clk 00:49:05]} {[%emt 00:00:20]} 5. Bg2 {[%clk 00:48:25]} {[%emt 00:00:13]}
Nbd7 {[%clk 00:49:01]} {[%emt 00:00:14]} 6. O-O {[%clk 00:48:25]} {[%emt
00:00:10]} Be7 {[%clk 00:48:57]} {[%emt 00:00:13]} 7. d3 {[%clk 00:48:28]}
{[%emt 00:00:07]} h6 {[%clk 00:48:48]} {[%emt 00:00:20]} 8. Nbd2 {[%clk
00:48:22]} {[%emt 00:00:15]} O-O {[%clk 00:48:30]} {[%emt 00:00:28]} 9. c4
{[%clk 00:48:29]} {[%emt 00:00:04]} c6 {[%clk 00:48:31]} {[%emt 00:00:09]} 10.
Qc2 {[%clk 00:48:07]} {[%emt 00:00:33]} a5 {[%clk 00:47:29]} {[%emt 00:01:12]}
11. a3 {[%clk 00:47:30]} {[%emt 00:00:46]} Rc8 {[%clk 00:45:48]} {[%emt
00:01:51]} 12. Rac1 {[%clk 00:46:40]} {[%emt 00:01:00]} Bh7 {[%clk 00:45:05]}
{[%emt 00:00:53]} 13. Qb1 {[%clk 00:46:01]} {[%emt 00:00:49]} b5 {[%clk
00:42:45]} {[%emt 00:02:31]} 14. Qa1 {[%clk 00:44:38]} {[%emt 00:01:32]} bxc4
{[%clk 00:42:14]} {[%emt 00:00:40]} 15. bxc4 {[%clk 00:44:26]} {[%emt
00:00:23]} c5 {[%clk 00:41:55]} {[%emt 00:00:29]} 16. cxd5 {[%clk 00:42:06]}
{[%emt 00:02:30]} exd5 {[%clk 00:41:44]} {[%emt 00:00:21]} 17. Ne5 {[%clk
00:40:56]} {[%emt 00:01:20]} Nxe5 {[%clk 00:41:01]} {[%emt 00:00:53]} 18. Bxe5
{[%clk 00:40:23]} {[%emt 00:00:42]} Ne8 {[%clk 00:40:51]} {[%emt 00:00:20]} 19.
Qc3 {[%clk 00:36:18]} {[%emt 00:04:16]} d4 {[%clk 00:39:13]} {[%emt 00:01:47]}
20. Bxd4 {[%clk 00:35:29]} {[%emt 00:01:00]} Nd6 {[%clk 00:36:29]} {[%emt
00:02:53]} 21. Bxg7 {[%clk 00:33:42]} {[%emt 00:01:57]} Re8 {[%clk 00:36:33]}
{[%emt 00:00:06]} 22. Be5 {[%clk 00:31:23]} {[%emt 00:02:30]} Nb5 {[%clk
00:33:50]} {[%emt 00:02:53]} 23. Qb2 {[%clk 00:31:05]} {[%emt 00:00:27]} Nd6
{[%clk 00:31:06]} {[%emt 00:02:55]} 24. Nc4 {[%clk 00:30:08]} {[%emt 00:01:06]}
Nxc4 {[%clk 00:30:40]} {[%emt 00:00:37]} 25. Rxc4 {[%clk 00:30:12]} {[%emt
00:00:06]} Bd6 {[%clk 00:28:34]} {[%emt 00:02:16]} 26. Rg4+ {[%clk 00:29:56]}
{[%emt 00:00:26]} Bg6 {[%clk 00:28:37]} {[%emt 00:00:07]} 27. Bf6 {[%clk
00:26:38]} {[%emt 00:03:28]} Qc7 {[%clk 00:27:57]} {[%emt 00:00:50]} 28. f4
{[%clk 00:25:45]} {[%emt 00:01:03]} Kf8 {[%clk 00:26:32]} {[%emt 00:01:34]} 29.
f5 {[%clk 00:23:11]} {[%emt 00:02:44]} Bh5 {[%clk 00:26:10]} {[%emt 00:00:32]}
30. Bg7+ {[%clk 00:22:41]} {[%emt 00:00:41]} 1-0